LEADER 00828cam0 22002653 450 001 SOB008521 005 20210628094226.0 100 $a20040211d1972 |||||ita|0103 ba 101 $aita 102 $aIT 200 1 $a<>Lusiadi$fLuís de Camões$gcur. Riccardo Averini 210 $aMilano$cMursia$d1972 215 $a408 p.$d18 cm 225 2 $aGUM$eNuova serie$v18 410 1$1001LAEC00017110$12001 $a*GUM : Nuova serie$v18 700 1$aCamões$b, Luís : de$3AF00007673$4070$0403330 801 0$aIT$bUNISOB$c20210628$gRICA 850 $aUNISOB 852 $aUNISOB$j869$m108573 912 $aSOB008521 940 $aM 102 Monografia moderna SBN 941 $aM 957 $a869$b000195$gSI$d108573$1pregresso1$2UNISOB$3UNISOB$420120307104848.0$520210628094126.0$6Alfano 996 $aLusiadi$9100636 997 $aUNISOB